Toutes les Techniques D'Haizaki Ryohei/Elliot Ember D'Inazuma Eleven - Statistiques

Statistiques générales
  • Ce quiz a été pris 15 fois
  • Le résultat moyen est 7 sur 11
Statistiques - réponses
Réponse Type de quiz Première Utilisation % Correct
Manchot Suprême TIR ARES
100%
Triangle de la Mort TIR ARES
100%
Volée de Manchots TIR ARES
92%
Penguin The God and Devil TIR ORION
77%
Shark The Deep TIR ORION
77%
Last Resort Σ TIR ORION
69%
Perseus Orb TIR ORION
54%
Manchot Empereur N°2 TIR ORION
46%
Death Crush Zone TIR ORION
31%
Shining Penguin TIR MANGA
31%
Manchot Empereur N°2 featuring Shark TIR ORION
23%
Aucun quiz correspondant
Distribution des résultats
% des personnes avec chaque résultat
Percentile par nombre de réponses
Votre historique - résultats
Vous n’avez pas pris ce quiz